<?xml version="1.0" encoding="UTF-8"?>
<record
    xmlns:xsi="http://www.w3.org/2001/XMLSchema-instance"
    xsi:schemaLocation="http://www.loc.gov/MARC21/slim http://www.loc.gov/standards/marcxml/schema/MARC21slim.xsd"
    xmlns="http://www.loc.gov/MARC21/slim">

  <leader>08324ngm a22011777a 4500</leader>
  <controlfield tag="006">a|||||s|||||00| 0 </controlfield>
  <controlfield tag="008">110626s2006    cau|||||s|||| 00| 0 eng d</controlfield>
  <datafield tag="024" ind1=" " ind2=" ">
    <subfield code="a">024543382294</subfield>
  </datafield>
  <datafield tag="082" ind1="0" ind2="4">
    <subfield code="a">791.4372</subfield>
    <subfield code="b">ROD</subfield>
    <subfield code="2">22</subfield>
  </datafield>
  <datafield tag="245" ind1="0" ind2="4">
    <subfield code="a">The Rodgers &amp; hammerstein collection</subfield>
    <subfield code="h">[videorecording]</subfield>
  </datafield>
  <datafield tag="246" ind1=" " ind2=" ">
    <subfield code="a">Rodgers and Hammerstein's Carousel</subfield>
  </datafield>
  <datafield tag="260" ind1=" " ind2=" ">
    <subfield code="a">Beverly Hills, Calif. :</subfield>
    <subfield code="b">Twentieth Century Fox Home Entertainment,  2006.</subfield>
    <subfield code="c">2006.</subfield>
  </datafield>
  <datafield tag="300" ind1=" " ind2=" ">
    <subfield code="a">12 videodiscs (ca. 1800 min.) : </subfield>
    <subfield code="b">sd., col. ; </subfield>
    <subfield code="c">4 3/4 in. </subfield>
  </datafield>
  <datafield tag="500" ind1=" " ind2=" ">
    <subfield code="a">Cataloging based on container.</subfield>
  </datafield>
  <datafield tag="500" ind1=" " ind2=" ">
    <subfield code="a">Special features include: movietone news trailers; original theatrical trailers, featurettes, commentaries, alternate versions, and stage performances..</subfield>
  </datafield>
  <datafield tag="505" ind1=" " ind2=" ">
    <subfield code="a">Carousel (50th anniversary ed.; 1956 ; 129 min. ; col.) + Bonus -- [2] King and I (50th anniversary ed.; 1956; 133 min.; col.) + Bonus -- [3] Oklahoma! (50th anniversary ed.; 1955; 145min.; col.) + Bonus -- [4} The Sound of Music (40th anniversary ed.; 1965; 174min.; col.) + Bonus -- [5] South Pacific (Collector's ed.; 1958; 157 min.; col.) + Bonus -- [6] State Fair (60th anniversary ed.; 1945; 100min.; col.) + Bonus.</subfield>
  </datafield>
  <datafield tag="508" ind1=" " ind2=" ">
    <subfield code="a">Carousel: music by Richard Rodgers; screenplay by Phoebe and Henry Ephron; produced by Henry Ephron ; directed by Henry King; ; book and lyrics by Oscar Hammerstein II </subfield>
  </datafield>
  <datafield tag="508" ind1=" " ind2=" ">
    <subfield code="a">The King and I: screenplay by Ernest Lehman ; music by Richard Rodgers ; book and lyrics by Oscar Hammerstein II ; produced by Charles Brackett ; directed by Walter Lang</subfield>
  </datafield>
  <datafield tag="508" ind1=" " ind2=" ">
    <subfield code="a">State Fair1945 version:  music by Richard Rodgers ; screenpaly and lyrics by Oscar Hammerstein II ; produced by William Perlberg ; directed by Walter Lang</subfield>
  </datafield>
  <datafield tag="508" ind1=" " ind2=" ">
    <subfield code="a">State Fair1962 version:  music by Richard Rodgers ; screenpaly by Richard Breen; lyrics by Oscar Hammerstein II ; produced by Charles Brackett ; directed by Jose Ferrer</subfield>
  </datafield>
  <datafield tag="508" ind1=" " ind2=" ">
    <subfield code="a">South Pacific: screenpaly by Paul Osborn; produced by Buddy Adler ; directed by Joshua Logan</subfield>
  </datafield>
  <datafield tag="508" ind1=" " ind2=" ">
    <subfield code="a">The Sound of Music: screenplay by Ernest Lehman ; directed by Robert Wise ; produced by Argyle Enterprises; Music by Richard Rodgers ; lyrics by Oscar Hammerstein II</subfield>
  </datafield>
  <datafield tag="508" ind1=" " ind2=" ">
    <subfield code="a">Oklahoma: screenplay by Sonya Levien ; directed by Fred Zinnemannt ; produced by Arthue Hornblow; Music by Richard Rodgers ; lyrics by Oscar Hammerstein II</subfield>
  </datafield>
  <datafield tag="511" ind1=" " ind2=" ">
    <subfield code="a">Carousel cast:Gordon MacRae, Shirley Jones, Cameron Mitchell</subfield>
  </datafield>
  <datafield tag="511" ind1=" " ind2=" ">
    <subfield code="a">The King and I cast: Deborah Kerr, Yul Brynner, Rita Moreno</subfield>
  </datafield>
  <datafield tag="511" ind1=" " ind2=" ">
    <subfield code="a">State Fair1962 version cast: Pat Boone, Bobby Darin, Pamela Tiffin</subfield>
  </datafield>
  <datafield tag="511" ind1=" " ind2=" ">
    <subfield code="a">State Fair1945 version cast: Jeanne Crain, Dana Andrews, Dick Haymes cast: Deborah Kerr, Yul Brynner, Rita Moreno</subfield>
  </datafield>
  <datafield tag="511" ind1=" " ind2=" ">
    <subfield code="a">South Pacific cast: Rossano Brazzi, Mitzi Gaynor, John Kerr</subfield>
  </datafield>
  <datafield tag="511" ind1=" " ind2=" ">
    <subfield code="a">The Sound of Music cast: Julie Andrews, Christopher Plummer, Richard Haydn</subfield>
  </datafield>
  <datafield tag="511" ind1=" " ind2=" ">
    <subfield code="a">Oklahoma cast: Gordon MacRae, Gloria Grahame, Shirley Jones</subfield>
  </datafield>
  <datafield tag="520" ind1=" " ind2=" ">
    <subfield code="a">Oklahoma!: Set in Oklahoma territory of the early 1900's, this is the story of Curly, a handsome cowboy, in love with Laurey. Jud, the rock-muscled hired hand, menaces them both</subfield>
  </datafield>
  <datafield tag="520" ind1=" " ind2=" ">
    <subfield code="a">The Sound of Music: A young woman named Maria is uncertain about her decision to enter a religious order. While deciding what to do, she becomes the governess of the seven Von Trapp children who live with their widowed father, a former captain of the Austrian navy.</subfield>
  </datafield>
  <datafield tag="520" ind1=" " ind2=" ">
    <subfield code="a">The South Pacific: An American navy nurse falls in love with a French plantation owner in the South Seas during World War II.    	State fair: Musical about the Frake family and their adventures at the Iowa State Fair.</subfield>
  </datafield>
  <datafield tag="520" ind1=" " ind2=" ">
    <subfield code="a">The king and I: Based on the true story of Anna Leonowens, an English widow who travels to Bangkok in the 1860s to serve the king of Siam as governess to his children.</subfield>
  </datafield>
  <datafield tag="520" ind1=" " ind2=" ">
    <subfield code="a">State Fair: Musical about the Frake family and their adventures at the Iowa State Fair.</subfield>
  </datafield>
  <datafield tag="520" ind1=" " ind2=" ">
    <subfield code="a">Carousel: On the coast of Maine, a smooth-talking carny barker falls in love with a millworker.</subfield>
  </datafield>
  <datafield tag="521" ind1=" " ind2=" ">
    <subfield code="a">MPAA rating: not rated (Carousel, South Pacific, State fair) ; rated G (The king and I, Oklahoma!, The sound of music).</subfield>
  </datafield>
  <datafield tag="538" ind1=" " ind2=" ">
    <subfield code="a">Carousel, The King and I: DVD; NTSC, region 1 ; (Disc 1) anamorphic widescreen (2.55:1, letterbox) presentation; Dolby Digital 5.0 surround, Dolby Digital stereo., Dolby Digital mono., dual layer; (disc 2) full screen (1.33:1) presentation; Dolby Digital mono., dual layer.</subfield>
  </datafield>
  <datafield tag="538" ind1=" " ind2=" ">
    <subfield code="a">State Fair: DVD; NTSC, region 1 ;(Disc 1)full screen (1.33:1) presentation; Dolby Digital mono.,Dolby Digital stereo., dual layer ; (Disc 2) anamorphic widescreen (2.35:1, letterbox) presentation;Dolby Digital 4.0 surround,  dual layer </subfield>
  </datafield>
  <datafield tag="538" ind1=" " ind2=" ">
    <subfield code="a">South Pacific: DVD; NTSC, region 1 ;(Disc 1)anamorphic widescreen (2.20:1, letterbox) presentation;Dolby Digital 5.0 surround,  dual layer ; Dolby Digital mono.,Dolby Digital stereo; (Disc 2) anamorphic widescreen (2.20:1, letterbox) presentation;Dolby Digital 5.0 surround, Dolby Digital stereo. dual layer </subfield>
  </datafield>
  <datafield tag="538" ind1=" " ind2=" ">
    <subfield code="a">The Sound of Music: DVD; NTSC, region 1 ; anamorphic widescreen (2.20:1, letterbox) presentation;Dolby Digital 5.0 surround,  dual layer ; Dolby Digital mono.,Dolby Digital stereo</subfield>
  </datafield>
  <datafield tag="538" ind1=" " ind2=" ">
    <subfield code="a">Oklahoma: DVD; NTSC, region 1 ; anamorphic widescreen (2.20:1, letterbox) presentation;Dolby Digital 5.1 surround,  dual layer ; Dolby Digital stereo</subfield>
  </datafield>
  <datafield tag="546" ind1=" " ind2=" ">
    <subfield code="a">Open-captioned in English ; soundtracks in English (all), Spanish (Carousel, King and I, Sound of music, South Pacific) and French (King and I, Sound of music, South Pacific) with optional subtitles in English (all) and Spanish (all).</subfield>
  </datafield>
  <datafield tag="650" ind1=" " ind2=" ">
    <subfield code="9">25927</subfield>
    <subfield code="a">Nurses</subfield>
    <subfield code="v">Drama</subfield>
    <subfield code="z">Oceania</subfield>
  </datafield>
  <datafield tag="650" ind1=" " ind2=" ">
    <subfield code="9">25353</subfield>
    <subfield code="a">Cowboys</subfield>
    <subfield code="v">Drama</subfield>
  </datafield>
  <datafield tag="653" ind1=" " ind2=" ">
    <subfield code="c">June2011</subfield>
    <subfield code="c">June2011</subfield>
  </datafield>
  <datafield tag="655" ind1=" " ind2=" ">
    <subfield code="a">Musical films</subfield>
  </datafield>
  <datafield tag="655" ind1=" " ind2=" ">
    <subfield code="a">Feature films</subfield>
  </datafield>
  <datafield tag="700" ind1=" " ind2=" ">
    <subfield code="9">25698</subfield>
    <subfield code="a">Ferrer, Jose</subfield>
    <subfield code="e">drt</subfield>
    <subfield code="d">1912-1992</subfield>
  </datafield>
  <datafield tag="700" ind1=" " ind2=" ">
    <subfield code="9">25941</subfield>
    <subfield code="a">Wise, Robert</subfield>
    <subfield code="e">drt</subfield>
    <subfield code="d">1914-2005</subfield>
  </datafield>
  <datafield tag="700" ind1=" " ind2=" ">
    <subfield code="9">25894</subfield>
    <subfield code="a">MacRae, Gordon</subfield>
    <subfield code="e">act</subfield>
  </datafield>
  <datafield tag="700" ind1=" " ind2=" ">
    <subfield code="9">25895</subfield>
    <subfield code="a">Jones, Shirley</subfield>
    <subfield code="d">1934-</subfield>
    <subfield code="e">act</subfield>
  </datafield>
  <datafield tag="700" ind1=" " ind2=" ">
    <subfield code="9">25896</subfield>
    <subfield code="a">Mitchell, Cameron</subfield>
    <subfield code="d">1918-</subfield>
    <subfield code="e">act</subfield>
  </datafield>
  <datafield tag="700" ind1=" " ind2=" ">
    <subfield code="9">25897</subfield>
    <subfield code="a">Ephron, Henry</subfield>
    <subfield code="d">1912-1992   </subfield>
    <subfield code="e">aus</subfield>
    <subfield code="e">pro</subfield>
  </datafield>
  <datafield tag="700" ind1=" " ind2=" ">
    <subfield code="9">25898</subfield>
    <subfield code="a">Ephron, Phoebe</subfield>
    <subfield code="d">1914-1971   </subfield>
    <subfield code="e">aus</subfield>
  </datafield>
  <datafield tag="700" ind1=" " ind2=" ">
    <subfield code="9">25899</subfield>
    <subfield code="a">Rodgers, Richard</subfield>
    <subfield code="d">1902-1979   </subfield>
    <subfield code="e">cmp</subfield>
  </datafield>
  <datafield tag="700" ind1=" " ind2=" ">
    <subfield code="9">25900</subfield>
    <subfield code="a">Hammerstein, Oscar</subfield>
    <subfield code="d">1895-1960</subfield>
    <subfield code="e">lyr</subfield>
    <subfield code="e">aus</subfield>
  </datafield>
  <datafield tag="700" ind1=" " ind2=" ">
    <subfield code="9">25901</subfield>
    <subfield code="a">King, Henry</subfield>
    <subfield code="d">1886-1982</subfield>
    <subfield code="e">drt</subfield>
  </datafield>
  <datafield tag="700" ind1=" " ind2=" ">
    <subfield code="9">25908</subfield>
    <subfield code="a">Brackett, Charles</subfield>
    <subfield code="d">1892-1969</subfield>
    <subfield code="e">pro</subfield>
  </datafield>
  <datafield tag="700" ind1=" " ind2=" ">
    <subfield code="9">25904</subfield>
    <subfield code="a">Kerr, Deborah</subfield>
    <subfield code="d">1921-</subfield>
    <subfield code="e">act</subfield>
  </datafield>
  <datafield tag="700" ind1=" " ind2=" ">
    <subfield code="9">25907</subfield>
    <subfield code="a">Lang, Walter</subfield>
    <subfield code="d">1898-1972</subfield>
    <subfield code="e">drt</subfield>
  </datafield>
  <datafield tag="700" ind1=" " ind2=" ">
    <subfield code="9">25581</subfield>
    <subfield code="a">Brynner, Yul</subfield>
    <subfield code="e">act</subfield>
  </datafield>
  <datafield tag="700" ind1=" " ind2=" ">
    <subfield code="9">25906</subfield>
    <subfield code="a">Moreno, Rita</subfield>
    <subfield code="e">act</subfield>
  </datafield>
  <datafield tag="700" ind1=" " ind2=" ">
    <subfield code="9">25909</subfield>
    <subfield code="a">Lehman, Ernest</subfield>
    <subfield code="e">aus</subfield>
  </datafield>
  <datafield tag="700" ind1=" " ind2=" ">
    <subfield code="9">25914</subfield>
    <subfield code="a">Perlberg, William</subfield>
    <subfield code="e">pro</subfield>
  </datafield>
  <datafield tag="700" ind1=" " ind2=" ">
    <subfield code="9">25917</subfield>
    <subfield code="a">Crain, Jeanne</subfield>
    <subfield code="e">act</subfield>
  </datafield>
  <datafield tag="700" ind1=" " ind2=" ">
    <subfield code="9">25918</subfield>
    <subfield code="a">Andrews, Dana Romalo</subfield>
    <subfield code="e">act</subfield>
  </datafield>
  <datafield tag="700" ind1=" " ind2=" ">
    <subfield code="9">25919</subfield>
    <subfield code="a">Haymes, Dick</subfield>
    <subfield code="e">act</subfield>
  </datafield>
  <datafield tag="700" ind1=" " ind2=" ">
    <subfield code="9">25920</subfield>
    <subfield code="a">Boone, Pat</subfield>
    <subfield code="e">act</subfield>
  </datafield>
  <datafield tag="700" ind1=" " ind2=" ">
    <subfield code="9">25921</subfield>
    <subfield code="a">Darin, Bobby</subfield>
    <subfield code="e">act</subfield>
  </datafield>
  <datafield tag="700" ind1=" " ind2=" ">
    <subfield code="9">25922</subfield>
    <subfield code="a">Tiffin, Pamela</subfield>
    <subfield code="e">act</subfield>
  </datafield>
  <datafield tag="700" ind1=" " ind2=" ">
    <subfield code="9">25928</subfield>
    <subfield code="a">Brazzi, Rossano</subfield>
    <subfield code="e">act</subfield>
    <subfield code="d">1916-1994</subfield>
  </datafield>
  <datafield tag="700" ind1=" " ind2=" ">
    <subfield code="9">25929</subfield>
    <subfield code="a">Gaynor, Mitzi</subfield>
    <subfield code="e">act</subfield>
    <subfield code="d">1930-</subfield>
  </datafield>
  <datafield tag="700" ind1=" " ind2=" ">
    <subfield code="9">25930</subfield>
    <subfield code="a">Kerr, John</subfield>
    <subfield code="e">act</subfield>
    <subfield code="d">1931-</subfield>
  </datafield>
  <datafield tag="700" ind1=" " ind2=" ">
    <subfield code="9">25760</subfield>
    <subfield code="a">Logan, Joshua</subfield>
    <subfield code="e">drt</subfield>
  </datafield>
  <datafield tag="700" ind1=" " ind2=" ">
    <subfield code="9">25931</subfield>
    <subfield code="a">Osborn, Paul</subfield>
    <subfield code="e">aus</subfield>
  </datafield>
  <datafield tag="700" ind1=" " ind2=" ">
    <subfield code="9">25932</subfield>
    <subfield code="a">Adler, Buddy</subfield>
    <subfield code="e">pro</subfield>
  </datafield>
  <datafield tag="700" ind1=" " ind2=" ">
    <subfield code="9">25937</subfield>
    <subfield code="a">Andrews, Julie</subfield>
    <subfield code="e">act</subfield>
  </datafield>
  <datafield tag="700" ind1=" " ind2=" ">
    <subfield code="9">25938</subfield>
    <subfield code="a">Plummer, Christopher</subfield>
    <subfield code="e">act</subfield>
  </datafield>
  <datafield tag="700" ind1=" " ind2=" ">
    <subfield code="9">25939</subfield>
    <subfield code="a">Haydn, Richard</subfield>
    <subfield code="e">act</subfield>
    <subfield code="d">1905-1985</subfield>
  </datafield>
  <datafield tag="700" ind1=" " ind2=" ">
    <subfield code="9">25946</subfield>
    <subfield code="a">Grahame, Gloria</subfield>
    <subfield code="e">act</subfield>
  </datafield>
  <datafield tag="700" ind1=" " ind2=" ">
    <subfield code="9">25947</subfield>
    <subfield code="a">Levien, Sonya</subfield>
    <subfield code="e">aus</subfield>
    <subfield code="d">1898-1960</subfield>
  </datafield>
  <datafield tag="700" ind1=" " ind2=" ">
    <subfield code="9">25948</subfield>
    <subfield code="a">Zinnemann, Fred</subfield>
    <subfield code="e">drt</subfield>
    <subfield code="d">1907-1997</subfield>
  </datafield>
  <datafield tag="700" ind1=" " ind2=" ">
    <subfield code="9">25949</subfield>
    <subfield code="a">Hornblow, Arthur</subfield>
    <subfield code="e">pro</subfield>
    <subfield code="d">1893-1976</subfield>
  </datafield>
  <datafield tag="710" ind1=" " ind2=" ">
    <subfield code="9">25600</subfield>
    <subfield code="a">Twentieth Century-Fox Film Corporation   </subfield>
  </datafield>
  <datafield tag="710" ind1=" " ind2=" ">
    <subfield code="9">25601</subfield>
    <subfield code="a">Twentieth Century Fox Home Entertainment, Inc </subfield>
  </datafield>
  <datafield tag="710" ind1=" " ind2=" ">
    <subfield code="9">25940</subfield>
    <subfield code="a">Argyle Enterprises, Inc.</subfield>
    <subfield code="e">pro</subfield>
  </datafield>
  <datafield tag="740" ind1=" " ind2=" ">
    <subfield code="a">Carousel</subfield>
  </datafield>
  <datafield tag="740" ind1=" " ind2=" ">
    <subfield code="a">King and I</subfield>
  </datafield>
  <datafield tag="740" ind1=" " ind2=" ">
    <subfield code="a">Oklahoma</subfield>
  </datafield>
  <datafield tag="740" ind1=" " ind2=" ">
    <subfield code="a">The Sound of Music</subfield>
  </datafield>
  <datafield tag="740" ind1=" " ind2=" ">
    <subfield code="a">South Pacific</subfield>
  </datafield>
  <datafield tag="740" ind1=" " ind2=" ">
    <subfield code="a">State Fair</subfield>
  </datafield>
  <datafield tag="740" ind1=" " ind2=" ">
    <subfield code="a">Rodgers and Hammerstein's Carousel.</subfield>
  </datafield>
  <datafield tag="740" ind1=" " ind2=" ">
    <subfield code="a">Rodgers and Hammerstein's Oklahoma</subfield>
  </datafield>
  <datafield tag="740" ind1=" " ind2=" ">
    <subfield code="a">Rodgers and Hammerstein's The king and I</subfield>
  </datafield>
  <datafield tag="740" ind1=" " ind2=" ">
    <subfield code="a">Rodgers and Hammerstein's The Sound of Music</subfield>
  </datafield>
  <datafield tag="740" ind1=" " ind2=" ">
    <subfield code="a">Rodgers and Hammerstein's South Pacific</subfield>
  </datafield>
  <datafield tag="740" ind1=" " ind2=" ">
    <subfield code="a">Rodgers and Hammerstein's State Fair</subfield>
  </datafield>
  <datafield tag="942" ind1=" " ind2=" ">
    <subfield code="2">ddc</subfield>
    <subfield code="c">CDVDMOV</subfield>
  </datafield>
  <datafield tag="999" ind1=" " ind2=" ">
    <subfield code="c">15651</subfield>
    <subfield code="d">15651</subfield>
  </datafield>
  <datafield tag="952" ind1=" " ind2=" ">
    <subfield code="0">0</subfield>
    <subfield code="1">0</subfield>
    <subfield code="2">ddc</subfield>
    <subfield code="4">0</subfield>
    <subfield code="7">0</subfield>
    <subfield code="8">Baccah</subfield>
    <subfield code="a">MAIN</subfield>
    <subfield code="b">MAIN</subfield>
    <subfield code="c">2ND</subfield>
    <subfield code="d">2011-06-26</subfield>
    <subfield code="g">542.00</subfield>
    <subfield code="h">12512</subfield>
    <subfield code="l">0</subfield>
    <subfield code="o">791.4372 ROD</subfield>
    <subfield code="p">000024276</subfield>
    <subfield code="r">2022-08-24 00:00:00</subfield>
    <subfield code="v">0.00</subfield>
    <subfield code="y">CDVDMOV</subfield>
    <subfield code="z">Carousel, 2DVDs</subfield>
  </datafield>
  <datafield tag="952" ind1=" " ind2=" ">
    <subfield code="0">0</subfield>
    <subfield code="1">0</subfield>
    <subfield code="2">ddc</subfield>
    <subfield code="4">0</subfield>
    <subfield code="7">0</subfield>
    <subfield code="8">Baccah</subfield>
    <subfield code="a">MAIN</subfield>
    <subfield code="b">MAIN</subfield>
    <subfield code="c">2ND</subfield>
    <subfield code="d">2011-06-26</subfield>
    <subfield code="e">Purchase</subfield>
    <subfield code="h">12512</subfield>
    <subfield code="l">0</subfield>
    <subfield code="o">791.4372 ROD</subfield>
    <subfield code="p">000024277</subfield>
    <subfield code="r">2022-08-24 00:00:00</subfield>
    <subfield code="w">2011-06-26</subfield>
    <subfield code="y">CDVDMOV</subfield>
    <subfield code="z">The King and I, 2DVDs</subfield>
  </datafield>
  <datafield tag="952" ind1=" " ind2=" ">
    <subfield code="0">0</subfield>
    <subfield code="1">0</subfield>
    <subfield code="2">ddc</subfield>
    <subfield code="4">0</subfield>
    <subfield code="7">0</subfield>
    <subfield code="8">Baccah</subfield>
    <subfield code="a">MAIN</subfield>
    <subfield code="b">MAIN</subfield>
    <subfield code="c">2ND</subfield>
    <subfield code="d">2011-06-26</subfield>
    <subfield code="e">Purchase</subfield>
    <subfield code="h">12512</subfield>
    <subfield code="l">1</subfield>
    <subfield code="o">791.4372 ROD</subfield>
    <subfield code="p">000024278</subfield>
    <subfield code="r">2022-08-24 00:00:00</subfield>
    <subfield code="s">2011-07-06</subfield>
    <subfield code="v">0.00</subfield>
    <subfield code="y">CDVDMOV</subfield>
    <subfield code="z">State Fair, 2DVDs, </subfield>
  </datafield>
  <datafield tag="952" ind1=" " ind2=" ">
    <subfield code="0">0</subfield>
    <subfield code="1">0</subfield>
    <subfield code="2">ddc</subfield>
    <subfield code="4">0</subfield>
    <subfield code="7">0</subfield>
    <subfield code="8">Baccah</subfield>
    <subfield code="a">MAIN</subfield>
    <subfield code="b">MAIN</subfield>
    <subfield code="c">2ND</subfield>
    <subfield code="d">2011-06-26</subfield>
    <subfield code="e">Purchase</subfield>
    <subfield code="h">12512</subfield>
    <subfield code="l">0</subfield>
    <subfield code="o">791.4372 ROD</subfield>
    <subfield code="p">000024279</subfield>
    <subfield code="r">2022-08-24 00:00:00</subfield>
    <subfield code="v">0.00</subfield>
    <subfield code="w">2011-06-26</subfield>
    <subfield code="y">CDVDMOV</subfield>
    <subfield code="z">South Pacific, 2DVDs</subfield>
  </datafield>
  <datafield tag="952" ind1=" " ind2=" ">
    <subfield code="0">0</subfield>
    <subfield code="1">0</subfield>
    <subfield code="2">ddc</subfield>
    <subfield code="4">0</subfield>
    <subfield code="7">0</subfield>
    <subfield code="8">Baccah</subfield>
    <subfield code="a">MAIN</subfield>
    <subfield code="b">MAIN</subfield>
    <subfield code="c">2ND</subfield>
    <subfield code="d">2011-06-27</subfield>
    <subfield code="e">Purchase</subfield>
    <subfield code="h">12512</subfield>
    <subfield code="l">0</subfield>
    <subfield code="o">791.4372 ROD</subfield>
    <subfield code="p">000024280</subfield>
    <subfield code="r">2022-08-24 00:00:00</subfield>
    <subfield code="v">0.00</subfield>
    <subfield code="w">2011-06-27</subfield>
    <subfield code="y">CDVDMOV</subfield>
    <subfield code="z">The Sound of Music, 2DVDs</subfield>
  </datafield>
  <datafield tag="952" ind1=" " ind2=" ">
    <subfield code="0">0</subfield>
    <subfield code="1">0</subfield>
    <subfield code="2">ddc</subfield>
    <subfield code="4">0</subfield>
    <subfield code="7">0</subfield>
    <subfield code="8">Baccah</subfield>
    <subfield code="a">MAIN</subfield>
    <subfield code="b">MAIN</subfield>
    <subfield code="c">2ND</subfield>
    <subfield code="d">2011-06-27</subfield>
    <subfield code="e">Purchase</subfield>
    <subfield code="h">12512</subfield>
    <subfield code="l">0</subfield>
    <subfield code="o">791.4372 ROD</subfield>
    <subfield code="p">000024281</subfield>
    <subfield code="r">2022-08-24 00:00:00</subfield>
    <subfield code="v">0.00</subfield>
    <subfield code="y">CDVDMOV</subfield>
    <subfield code="z">Oklahoma, 2DVDs</subfield>
  </datafield>
</record>
